000 01186nam a2200313 i 4500
003 EG-GICUC
005 20260415204317.0
008 260415s1963 fr |||fr|||| 00| 0 fre d
040 _aEG-GiCUC
_bfre
_cEG-GiCUC
_dEG-GiCUC
_eRda
082 0 4 _221
_a343.6
_bRI . C
092 0 4 _221
099 _aLaw1 10 343.6 RI. C 1963
100 1 _aRigaux, Marcel
_eAuteur
245 1 4 _aLes Crimes Et Les Délits Du Code Pénal.
_nTome Quatrième,
_pLes Crimes Et Les Délits Contre La Foi Publique (Suite) Les Crimes Et Les Délits Contre L'ordre Public /
_cPar Marcel Rigaux, Paul-em. Trousse.
264 1 _aBruxelles :
_bÉtablissements Émile Bruylant,
_c1963.
264 1 _aParis :
_bLibrairie Générale De Droit Et De Jurisprudence,
300 _a712 page ;
_c 24 cm.
336 _2rda contenu
_a texte
337 _2rda medias
_aOrdinateur
338 _2 transporteur rda
_a Ressource en ligne
504 _aBibliography: pages x - xv
650 1 _aCriminologie
_2qrmak
650 1 _aDroit Do Pénal
_2qrmak
651 1 _2qrmak
700 1 _aTrousse, Paul-em
_eCo-Auteur
856 4 0 _uhttps://fll.law.cu.edu.eg/fulltext/bks/B10-09585.pdf
905 _a54
942 _2ddc
_cBK
_e21
_n0
999 _c71298
_d71298